(Hopefully) DIFFICULT Legendborn Cycle Quiz - Statistics

General Stats
  • This quiz has been taken 16 times
  • The average score is 13 of 34
Answer Stats
Hint Answer % Correct
True or False: Pages are considered Legendborn. False
78%
Lark's full name (first, last) Larkin Douglas
78%
True or False: Lieges are considered Legendborn. True
78%
'Eighty-eight keys and not a lock in sight' refers to what object? (scavenger hunt trial) a piano
67%
Bree's full name (first, middle, last) Briana Irene Matthews
67%
Who is Seneschal of Shadows? Erebus
67%
Sel's mother's name (first, last) Natasia Kane
67%
Sel's full name (first, middle, last) Selwyn Emrys Kane
67%
Sel can shapeshift into what giant animal? an owl
56%
"Chwedlanedig" means: Legendborn
56%
"Unanedig" means: Onceborn
56%
Nick's full name (first, middle, last) Nicholas Martin Davis
44%
Valechaz's mother's name Pearl
44%
Order term (____ uffern) for a hellfox cedny
33%
Name all three Regents. Cestra, Aldrich, and Gabriel
33%
List the three basic categories of demon from weakest to strongest. isel, uchel, goruchel
33%
Finish the quote. "Because my judgement is not what it should be around you, Briana..." It never has been
33%
Sel's birthday (month and day, or name of holiday) June 19 / Juneteenth
33%
Sel's passcode on the Liege network, given when speaking to Gillian Kane, southpaw, horizon
33%
The woman Bree's mother took her to when she was young in order to test for Rootcrafting abilities (mentioned in bracelet memory) Miss Hazel
33%
Bree's birthday (month and day) November 1
33%
"Cysgodanedig" means: Shadowborn
33%
The meanings of cariad, as Bree tells them, in order Sweetheart, darling, beloved
33%
Who is Seneschal of Mesmer? Tacitus
33%
Order term (____ uffern) for a hellhound ci
22%
Bree, Alice, Sel, & William's bartender at the Crossroads Lounge Emma
22%
Bree's mother's MAIDEN name (first, last) Faye Carter
22%
Patricia's late sister's name Ruth
22%
Who is Seneschal of Constructs? Serren
22%
Finish the quote. "Let me be very clear. Those hellfoxes that attacked that night saved your life. Because without their intervention..." I would have taken it
11%
Order term (____ uffern) for a hellsnake sarff
11%
The Biblical quote Nick describes as "basically the Regents' take on the Line of Morgaine" Thou shalt not suffer a witch to live
11%
What Alice says her Liege password WOULD be Chen, Faustus, Nevermore
0%
Who was stealing vials of aether from the Crossroads Lounge? Miranda
0%
No matching quizzes found
Score Distribution
Percent of People with Each Score
Percentile by Number Answered
Your Score History
You have not taken this quiz